000 00781nam a2200253 a 4500
001 BRCA_4218
005 20190320204605.0
008 090610s1970----u--a######---#000-0#eng-#
041 _aspa
044 _au
050 4 _aNK1125
_b.S28 1970
100 1 _aSavage, George
_910876
245 1 0 _aDictionary of Antiques
_cGeorge Savage.
260 _aEstados Unidos
_bPraeger Publishers
_c1970
300 _aix, 534 p.
_bil. (algunas a color)
_c26 cm.
500 _aIncluye bibliografia selecta y listas de lectura
500 _aDiccionario inventariado por Banco de México como libro
500 _aAM26
650 1 4 _aObjetos de arte
_vDiccionarios
_910877
650 1 4 _aColeccionistas y colecciones
_910878
650 1 4 _aAntigüedades
_910879
902 _aGFM
942 _2lcc
_cB
999 _c3929
_d3929